[Event "IRQ Clubs-chT"]
[Site "Baghdad"]
[Date "2017.08.16"]
[Round "1.4"]
[White "Adhim, Hameed Jabar"]
[Black "Sadek, Sameh"]
[Result "0-1"]
[WhiteElo "1395"]
[BlackElo "2250"]
[PlyCount "39"]
[EventDate "2017.08.16"]
[EventType "team-swiss"]
[EventRounds "7"]
[EventCountry "IRQ"]
[SourceTitle "CBM 180 Extra"]
[Source "ChessBase"]
[SourceDate "2017.10.06"]
[SourceVersion "1"]
[SourceVersionDate "2017.10.06"]
[SourceQuality "1"]
[WhiteTeam "Hadef"]
[BlackTeam "Peshmarga"]
[WhiteTeamCountry "IRQ"]
[BlackTeamCountry "IRQ"]

1. d4 d5 2. c4 c6 3. Nf3 Nf6 4. Nc3 dxc4 5. a4 Bf5 6. e3 e6 7. Bxc4 Bb4 8. 0-0 0-0 9. h3 Nbd7 10. Bd3 Bxd3 11. Qxd3 a5 12. Qc2 Qe7 13. Bd2 e5 14. dxe5 Nxe5 15. Nxe5 Qxe5 16. Ne2 Bd6 17. Ng3 Rfe8 18. Bc3 Qc5 19. Ne2 Ne4 20. Rac1 0-1